000 00769nam a2200241 i 4500
003 DO-SdBNP
005 20250506112455.0
007 ta
008 250506b200- dr a|||| |||| 00| 0 spa d
040 _aDO-SdBNP
_bspa
_cBNPHU
_erda
082 4 _axxx
_bxxx
_222
100 _aOrtiz, Daniel,
_d1959-
_eautor
_4aut.
_987659
245 1 0 _aJarabacoa susurro de la Natura /
_cDaniel Ortiz
264 _aSanto Domiongo :
_bEditor no identificado,
_c200?.
300 _a87 páginas :
_bilustraciones ;
_c21 cm.
336 _atexto
_btxt
_2rdacontent
337 _asin mediación
_bn
_2rdamedia
338 _avolumen
_bnc
_2rdacarrier
500 _aIncluye datos biográficos del autor en la página 87
590 _aInventariado, 2025/BT
910 _aBtavárez
942 _2ddc
_cLBS1
999 _c58938
_d58938